000 00703nam a2200253 i 4500
001 C2-0168457
003 PPAK
005 20180728090924.0
008 980718s1988 xxua|||| ||||| | eng d
020 _a071539228X
040 _aPPAK
_beng
_cPPAK
_erda
082 0 4 _a796.345
_2 23
090 0 0 _a796.345
_bDAV
_dR
100 1 _aDavis, Pat,
_d1915-
_eauthor
245 1 0 _aBadminton :
_bthe complete practical guide
250 _aRev. ed.
264 1 _aVermont :
_bDavid & Charles ,
_c1988
300 _a192 pages :
_billustrations ;
_c24 cm
336 _2rdacontent
_atext
337 _2rdamedia
_aunmediated
338 _2rdacarrier
_avolume
650 1 0 _aBadminton : Manuals
942 _ddc
_cB
999 _c152605
_d152605